[Event "Igualada op 11th"]
[Site "Igualada"]
[Date "2016.02.06"]
[Round "4"]
[White "Llacuna Roca, Josep"]
[Black "Martinez Sanchez, Francesc"]
[Result "1-0"]
[WhiteElo "1665"]
[BlackElo "1604"]
[PlyCount "68"]
[EventDate "2016.01.16"]
[EventType "swiss"]
[EventRounds "8"]
[EventCountry "ESP"]
[SourceTitle "EXT 2017"]
[Source "ChessBase"]
[SourceDate "2016.10.25"]
[SourceVersion "1"]
[SourceVersionDate "2016.10.25"]
[SourceQuality "1"]

1. d4 d5 2. Bf4 Nf6 3. e3 g6 4. Bd3 Bg7 5. h3 Nbd7 6. Nc3 c6 7. Nf3 a6 8. Bh2 0-0 9. Ne2 Re8 10. c3 Qb6 11. Rb1 Qd8 12. g4 Nf8 13. Ng3 h6 14. g5 hxg5 15. Nxg5 N8h7 16. Nxh7 Nxh7 17. h4 Nf6 18. f3 e5 19. dxe5 Rxe5 20. Nf1 Re7 21. Kd2 c5 22. Qc2 d4 23. cxd4 cxd4 24. e4 Rc7 25. Bxc7 Bh6+ 26. f4 Qe7 27. Be5 Ng4 28. Bxd4 Bxf4+ 29. Be3 Qb4+ 30. Qc3 Qxc3+ 31. bxc3 Be5 32. h5 Kg7 33. hxg6 fxg6 34. Bd4 b5 1-0

[Event "Igualada op 11th"]
[Site "Igualada"]
[Date "2016.01.30"]
[Round "3"]
[White "Clanchet Olle, Josep"]
[Black "Llacuna Roca, Josep"]
[Result "1-0"]
[WhiteElo "1732"]
[BlackElo "1665"]
[PlyCount "99"]
[EventDate "2016.01.16"]
[EventType "swiss"]
[EventRounds "8"]
[EventCountry "ESP"]
[SourceTitle "EXT 2017"]
[Source "ChessBase"]
[SourceDate "2016.10.25"]
[SourceVersion "1"]
[SourceVersionDate "2016.10.25"]
[SourceQuality "1"]

1. e4 e5 2. Nf3 d5 3. Nxe5 Qe7 4. d4 f6 5. Nf3 Bg4 6. Be2 Nc6 7. exd5 Bxf3 8. dxc6 Bxe2 9. Qxe2 bxc6 10. Be3 g6 11. 0-0 Bh6 12. Nc3 Bxe3 13. fxe3 Rd8 14. Rae1 Nh6 15. Qf3 Rd6 16. Ne4 Re6 17. Nxf6+ Kd8 18. d5 Re5 19. dxc6 Nf5 20. Rd1+ Nd6 21. Nd5 Qe6 22. Qf6+ Qxf6 23. Rxf6 Kc8 24. Rdf1 Rhe8 25. Rd1 Kb8 26. Rd3 a6 27. Nxc7 Kxc7 28. Rfxd6 Rxe3 29. Rxe3 Rxe3 30. Rd7+ Kxc6 31. Rxh7 Re2 32. Rh6 Rxc2 33. Rxg6+ Kb5 34. Rg8 a5 35. h4 a4 36. g4 a3 37. bxa3 Rxa2 38. h5 Rxa3 39. h6 Rh3 40. g5 Kc5 41. Kg2 Rh5 42. Kg3 Kd6 43. Kg4 Rh1 44. Re8 Kd7 45. Re3 Rg1+ 46. Kf5 Rf1+ 47. Kg6 Rh1 48. Kg7 Rh5 49. g6 Rb5 50. h7 1-0

[Event "Mislata op-C 20th"]
[Site "Mislata"]
[Date "2012.08.14"]
[Round "2"]
[White "Llacuna Roca, Josep"]
[Black "Cerdan Herraez, Manuel Vicente"]
[Result "0-1"]
[WhiteElo "1698"]
[BlackElo "1830"]
[PlyCount "110"]
[EventDate "2012.08.13"]
[EventType "swiss"]
[EventRounds "9"]
[EventCountry "ESP"]
[SourceTitle "EXT 2013"]
[Source "ChessBase"]
[SourceDate "2012.11.22"]
[SourceVersion "1"]
[SourceVersionDate "2012.11.22"]
[SourceQuality "1"]

1. e4 e5 2. Nf3 d6 3. d4 exd4 4. Nxd4 Nf6 5. Nc3 Bd7 6. Bg5 Be7 7. Be2 Nxe4 8. Nxe4 Bxg5 9. Nf3 Bf6 10. c3 0-0 11. 0-0 Bc6 12. Qc2 Bxe4 13. Qxe4 d5 14. Qg4 Qd7 15. Qg3 c6 16. h4 Be7 17. Bd3 Bd6 18. Qg5 h6 19. Qh5 f5 20. Nd4 Qf7 21. Qxf7+ Rxf7 22. Nxf5 Bf8 23. Rae1 Nd7 24. Nd4 Nc5 25. Bg6 Rf6 26. h5 Bd6 27. Re2 Raf8 28. Rfe1 a6 29. Re8 Rxf2 30. Nf3 Rxb2 31. Rxf8+ Bxf8 32. Re8 Ne4 33. Ne5 Rb1+ 34. Kh2 Rf1 35. Nd7 Nxc3 36. Bh7+ Kxh7 37. Nxf8+ Rxf8 38. Rxf8 Nxa2 39. Rb8 b5 40. g4 d4 41. Rd8 c5 42. Kg3 b4 43. g5 hxg5 44. Kg4 Nc3 45. Kxg5 Ne4+ 46. Kf5 Ng3+ 47. Kg5 b3 48. Rd7 Ne4+ 49. Kf5 Nf6 50. Rb7 c4 51. Rb4 a5 52. Rb8 a4 53. h6 Kxh6 54. Rh8+ Nh7 55. Rd8 b2 0-1

[Event "Vilafranca del Penedes op 6th"]
[Site "Vilafranca del Penedes"]
[Date "2012.04.13"]
[Round "1"]
[White "Palacios Perez, Manuel"]
[Black "Llacuna Roca, Josep"]
[Result "1-0"]
[WhiteElo "2184"]
[BlackElo "1697"]
[PlyCount "109"]
[EventDate "2012.04.13"]
[EventType "swiss"]
[EventRounds "8"]
[EventCountry "ESP"]
[SourceTitle "CBM 148 Extra"]
[Source "ChessBase"]
[SourceDate "2012.06.22"]
[SourceVersion "1"]
[SourceVersionDate "2012.06.22"]
[SourceQuality "1"]

1. d4 d5 2. c4 c6 3. Nf3 e6 4. Nc3 Nf6 5. Bg5 Be7 6. e3 Nbd7 7. cxd5 exd5 8. Bd3 a6 9. Qc2 h6 10. Bh4 b5 11. 0-0 Bb7 12. Rac1 c5 13. dxc5 Nxc5 14. Bxf6 Bxf6 15. Nxb5 Ne6 16. Nc7+ Nxc7 17. Qxc7 Qxc7 18. Rxc7 Rb8 19. Rfc1 0-0 20. Nd4 Rfc8 21. R1c2 Rxc7 22. Rxc7 Kf8 23. Kf1 g6 24. h3 Ke8 25. Ke2 Be5 26. Rc2 Rc8 27. Rxc8+ Bxc8 28. Kd2 Kd7 29. b4 Bb7 30. Kc3 Bc8 31. Kb3 Kc7 32. a4 Kb6 33. a5+ Kb7 34. b5 Bd7 35. bxa6+ Ka7 36. Be2 Bh2 37. Nf3 Bc7 38. Kb4 Bd6+ 39. Kc3 Bc7 40. Kd4 Be6 41. Ne5 Ka8 42. Bf3 Bxa5 43. Bxd5+ Bxd5 44. Kxd5 Be1 45. Nd3 Bc3 46. Ne5 Be1 47. Nxf7 Ka7 48. f3 h5 49. e4 Kxa6 50. Kc6 Ka7 51. Kd7 Kb6 52. e5 Kc5 53. e6 Bh4 54. Ne5 Kd5 55. Nxg6 1-0

[Event "Sitges op 31st"]
[Site "Sitges"]
[Date "2005.07.??"]
[Round "1"]
[White "Llacuna Roca, Josep"]
[Black "Munoz Pantoja, Miguel Angel"]
[Result "0-1"]
[WhiteElo "2001"]
[BlackElo "2474"]
[PlyCount "54"]
[EventDate "2005.07.??"]
[EventType "swiss"]
[EventRounds "9"]
[EventCountry "ESP"]
[SourceTitle "EXT 2006"]
[Source "ChessBase"]
[SourceDate "2005.11.24"]
[SourceVersion "1"]
[SourceVersionDate "2005.11.24"]
[SourceQuality "1"]

1. e4 d5 2. exd5 Qxd5 3. Nc3 Qa5 4. d4 Nc6 5. Nf3 Bg4 6. Be2 0-0-0 7. 0-0 Bxf3 8. Bxf3 Nxd4 9. Be3 e5 10. Bxd4 exd4 11. Ne4 f5 12. Ng5 Nh6 13. b4 Bxb4 14. Rb1 c6 15. Qd3 Bd6 16. Qb3 Rd7 17. Rfe1 Qd2 18. Nh3 Ng4 19. Re2 Qa5 20. Rbe1 Nxh2 21. Re8+ Rxe8 22. Rxe8+ Kc7 23. Bxc6 Kxc6 24. Rc8+ Rc7 25. Qc4+ Qc5 26. Qa4+ Qb5 27. Qxb5+ Kxb5 0-1

[Event "Tarragona Province-ch Calbet mem"]
[Site "Tarragona"]
[Date "2005.04.30"]
[Round "3.7"]
[White "Llacuna Roca, Josep"]
[Black "Farran Martos, Francesco Xavier"]
[Result "0-1"]
[WhiteElo "2004"]
[BlackElo "2107"]
[PlyCount "62"]
[EventDate "2005.04.16"]
[EventType "swiss"]
[EventRounds "8"]
[EventCountry "ESP"]
[SourceTitle "EXT 2022"]
[Source "ChessBase"]
[SourceDate "2021.10.06"]
[SourceVersion "1"]
[SourceVersionDate "2021.10.06"]
[SourceQuality "1"]

1. e4 c5 2. Bc4 e6 3. Qe2 a6 4. c3 Nc6 5. Bb3 b5 6. Nf3 c4 7. Bc2 Bb7 8. d4 cxd3 9. Bxd3 Nf6 10. 0-0 Qc7 11. Re1 Bc5 12. Be3 Bxe3 13. Qxe3 Ng4 14. Qe2 Nce5 15. Nxe5 Nxe5 16. Nd2 0-0 17. Nf1 Ng6 18. g3 Qc6 19. Nd2 f5 20. Nb3 Qc7 21. a4 Ne5 22. axb5 fxe4 23. Bxe4 Bxe4 24. Nd4 Nf3+ 25. Nxf3 Bxf3 26. Qd3 axb5 27. Qxb5 Rab8 28. Qd3 Rxb2 29. Qe3 Bb7 30. h4 Qc6 31. f3 Rxf3 0-1

[Event "Canovelles op-B"]
[Site "Canovelles"]
[Date "1999.??.??"]
[Round "2"]
[White "Llacuna Roca, Josep"]
[Black "Rodriguez Garcia, Daniel"]
[Result "0-1"]
[WhiteElo "1950"]
[BlackElo "1700"]
[PlyCount "78"]
[EventDate "1999.??.??"]
[EventType "swiss"]
[EventRounds "9"]
[EventCountry "ESP"]
[SourceTitle "EXT 2000"]
[Source "ChessBase"]
[SourceDate "1999.11.16"]
[SourceVersion "1"]
[SourceVersionDate "1999.11.16"]
[SourceQuality "1"]

1. e4 e5 2. Bc4 Nf6 3. d3 c6 4. Nf3 d5 5. exd5 cxd5 6. Bb3 Bg4 7. h3 Bxf3 8. Qxf3 Nc6 9. c3 Bc5 10. 0-0 Qd6 11. Bg5 Rd8 12. a4 Rd7 13. Bh4 e4 14. Qe2 d4 15. Bg3 Qe7 16. Bc2 e3 17. b4 dxc3 18. bxc5 Nd4 19. Qxe3 Qxe3 20. fxe3 Nxc2 21. Ra2 Nb4 22. Ra3 c2 23. Bd6 cxb1Q 24. Rxb1 a5 25. e4 Kd8 26. Rc1 Ne8 27. e5 Nxd6 28. cxd6 Nc6 29. d4 Nxd4 30. Rd3 Nc6 31. Rd5 Re8 32. Re1 Re6 33. Kf1 f6 34. exf6 Rxf6+ 35. Kg1 Rfxd6 36. Rf5 Rd1 37. Rf8+ Kc7 38. Ref1 Rxf1+ 39. Kxf1 b6 0-1

[Event "Canovelles op-B"]
[Site "Canovelles"]
[Date "1999.??.??"]
[Round "1"]
[White "Moreno Diaz, A."]
[Black "Llacuna Roca, Josep"]
[Result "1-0"]
[WhiteElo "1810"]
[BlackElo "1950"]
[PlyCount "97"]
[EventDate "1999.??.??"]
[EventType "swiss"]
[EventRounds "9"]
[EventCountry "ESP"]
[SourceTitle "EXT 2000"]
[Source "ChessBase"]
[SourceDate "1999.11.16"]
[SourceVersion "1"]
[SourceVersionDate "1999.11.16"]
[SourceQuality "1"]

1. d4 f5 2. c4 Nf6 3. Nf3 g6 4. Nc3 Bg7 5. e3 0-0 6. Bd3 c6 7. e4 fxe4 8. Nxe4 d5 9. Ng3 Kh8 10. Qc2 Qe8 11. Ne5 Ne4 12. Nxe4 dxe4 13. Bxe4 Bf5 14. Be3 Nd7 15. Nf3 e5 16. d5 cxd5 17. cxd5 Rc8 18. Qd3 Bxe4 19. Qxe4 Nf6 20. Qxe5 Qxe5 21. Nxe5 Nxd5 22. Ng4 Bxb2 23. Rb1 Bc3+ 24. Ke2 b6 25. Rhd1 Nxe3 26. Nxe3 Be5 27. Rd7 Ra8 28. a4 Rf4 29. Rb5 Bg7 30. Rbd5 Bf6 31. Rf7 Ba1 32. Rxf4 a6 33. Rb4 b5 34. axb5 a5 35. Rb1 Bc3 36. b6 Rb8 37. b7 Bb4 38. Rb5 h5 39. Rc1 Bd6 40. Rc8+ Kh7 41. Rxb8 Bxb8 42. Rxa5 h4 43. Ra8 Bxh2 44. b8Q Bxb8 45. Rxb8 Kh6 46. Ng4+ Kg5 47. f3 Kf4 48. Kf2 g5 49. Rb6 1-0

[Event "Canovelles op-B"]
[Site "Canovelles"]
[Date "1999.??.??"]
[Round "5"]
[White "Rodriguez Sorribes, Jordi A"]
[Black "Llacuna Roca, Josep"]
[Result "0-1"]
[WhiteElo "1800"]
[BlackElo "1950"]
[PlyCount "112"]
[EventDate "1999.??.??"]
[EventType "swiss"]
[EventRounds "9"]
[EventCountry "ESP"]
[SourceTitle "EXT 2000"]
[Source "ChessBase"]
[SourceDate "1999.11.16"]
[SourceVersion "1"]
[SourceVersionDate "1999.11.16"]
[SourceQuality "1"]

1. e4 e5 2. Nf3 d5 3. exd5 e4 4. Nd4 Qxd5 5. Nb5 Bd6 6. c4 Qe5 7. N1c3 Nf6 8. Nxd6+ cxd6 9. Nb5 Na6 10. Be2 0-0 11. d3 Bf5 12. d4 Qe7 13. Bf4 Rfd8 14. 0-0 h6 15. Re1 Nb4 16. a3 Nc6 17. d5 Ne5 18. Bxe5 Qxe5 19. Qd4 Qe7 20. Nxa7 Nd7 21. Nb5 Nc5 22. Bd1 Qd7 23. b4 Nd3 24. Re3 Ne5 25. Nc3 Rac8 26. Be2 Re8 27. Nxe4 Bxe4 28. Rxe4 f5 29. Re3 Re7 30. f4 Ng4 31. Rxe7 Qxe7 32. Bxg4 fxg4 33. a4 Qe2 34. c5 Ra8 35. a5 dxc5 36. Qxc5 g5 37. Qf2 Qd3 38. Qa2 gxf4 39. d6+ Kf8 40. Qe6 Qd4+ 41. Kf1 Qxa1+ 42. Kf2 Qb2+ 43. Kf1 Qc1+ 44. Kf2 Qe3+ 45. Qxe3 fxe3+ 46. Kxe3 Rd8 47. Kd4 Rxd6+ 48. Kc5 Ke7 49. b5 Kd7 50. h4 Rd2 51. Kb6 Kc8 52. Ka7 Rxg2 53. a6 bxa6 54. b6 Rb2 55. h5 g3 56. Kxa6 g2 0-1

[Event "Martorell op-A"]
[Site "Martorell"]
[Date "1997.??.??"]
[Round "5"]
[White "Llacuna Roca, Josep"]
[Black "Vazquez Gonzalez, Manuel"]
[Result "1-0"]
[WhiteElo "2005"]
[BlackElo "2010"]
[PlyCount "82"]
[EventDate "1997.09.??"]
[EventType "swiss"]
[EventRounds "9"]
[EventCountry "ESP"]
[SourceTitle "EXT 2003"]
[Source "ChessBase"]
[SourceDate "2002.11.25"]
[SourceVersion "1"]
[SourceVersionDate "2002.11.25"]
[SourceQuality "1"]

1. e4 e6 2. d4 d5 3. e5 c5 4. c3 Ne7 5. Nf3 Nd7 6. Bd3 Nc6 7. a3 cxd4 8. cxd4 f6 9. Bf4 Be7 10. 0-0 0-0 11. Re1 fxe5 12. Bxe5 Ndxe5 13. Nxe5 Nxe5 14. Rxe5 Bf6 15. Rh5 g6 16. Qg4 Bg7 17. Rxh7 Qf6 18. Qh4 Qxd4 19. Qxd4 Bxd4 20. Rh6 Rxf2 21. Rxg6+ Kf7 22. Kh1 Rd2 23. Nxd2 e5 24. Rd6 Be6 25. Nf3 Ke7 26. Rxe6+ Kxe6 27. Nxd4+ exd4 28. Re1+ Kd6 29. h4 Rf8 30. h5 Rf5 31. g4 Rf4 32. Rd1 Rxg4 33. Kh2 Rg5 34. Bg6 Ke5 35. Kh3 a5 36. Kh4 Rg2 37. b3 b5 38. Kh3 Rg5 39. a4 bxa4 40. Kh4 Rg2 41. Rd3 Kd6 1-0